Hình học 12 nâng cao
Nội dung giới thiệu khối đa diện và thể tích của chúng, mặt cầu, mặt trụ, mặt nón, phương pháp toạ độ trong không gian.
Αποθηκεύτηκε σε:
| Κύριος συγγραφέας: | |
|---|---|
| Μορφή: | Βιβλίο |
| Γλώσσα: | Undetermined |
| Έκδοση: |
Hà Nội
Giáo dục Việt Nam
2016
|
| Θέματα: | |
| Ετικέτες: |
Προσθήκη ετικέτας
Δεν υπάρχουν, Καταχωρήστε ετικέτα πρώτοι!
|
| Thư viện lưu trữ: | Trung tâm Học liệu Trường Đại học Cần Thơ |
|---|
| LEADER | 00820nam a2200217Ia 4500 | ||
|---|---|---|---|
| 001 | CTU_216886 | ||
| 008 | 210402s9999 xx 000 0 und d | ||
| 020 | |c 6900 | ||
| 082 | |a 516.00712 | ||
| 082 | |b Qu609 | ||
| 100 | |a Đoàn, Quỳnh | ||
| 245 | 0 | |a Hình học 12 nâng cao | |
| 245 | 0 | |c Đoàn Quỳnh (Tổng chủ biên) | |
| 260 | |a Hà Nội | ||
| 260 | |b Giáo dục Việt Nam | ||
| 260 | |c 2016 | ||
| 520 | |a Nội dung giới thiệu khối đa diện và thể tích của chúng, mặt cầu, mặt trụ, mặt nón, phương pháp toạ độ trong không gian. | ||
| 650 | |a Geometry,Hình học | ||
| 650 | |x Study and teaching (Secondary),Dạy và học (Trung học) | ||
| 904 | |i Hải | ||
| 980 | |a Trung tâm Học liệu Trường Đại học Cần Thơ | ||